NEEDTOBREATHE Charting Songs (Billboard Hot Rock) - Statistics

General Stats
  • This quiz has been taken 12 times
  • The average score is 10 of 15
Answer Stats
Album Weeks On Peak Artist(s) Song % Correct
Rivers in the Wasteland 28 Weeks #8 NEEDTOBREATHE ft. Gavin DeGraw Brother
100%
Hard Love 24 Weeks #12 NEEDTOBREATHE Hard Love
100%
Out of Body 20 Weeks #14 NEEDTOBREATHE Who Am I
89%
Forever on Your Side (Niles City Sound Sessions) 8 Weeks #36 NEEDTOBREATHE ft. JOHNNYSWIM Forever On Your Side
78%
Into The Mystery 1 Week #49 NEEDTOBREATHE I Am Yours
78%
Hard Love 25 Weeks #14 NEEDTOBREATHE Testify
78%
Rivers in the Wasteland 1 Week #22 NEEDTOBREATHE Wasteland
67%
Forever on Your Side (Niles City Sound Sessions) 1 Week #20 NEEDTOBREATHE Bridges Burn
56%
Out of Body 1 Week #33 NEEDTOBREATHE Hang On
56%
Rivers in the Wasteland 22 Weeks #16 NEEDTOBREATHE Multiplied
56%
Hard Love 17 Weeks #18 NEEDTOBREATHE Happiness
44%
Hard Love 1 Week #50 NEEDTOBREATHE Money
44%
Hard Cuts: Songs from the Hard Love Sessions 17 Weeks #26 NEEDTOBREATHE Walking On Water
44%
Forever on Your Side (Niles City Sound Sessions) 1 Week #35 NEEDTOBREATHE Darling
33%
Rivers in the Wasteland 1 Week #45 NEEDTOBREATHE State I'm In
33%
No matching quizzes found
Score Distribution
Percent of People with Each Score
Percentile by Number Answered
Your Score History
You have not taken this quiz